000 00844nam a22002897a 4500
001 0000143
003 KOHA_MİRAKIL
005 20260207001201.0
007 ta
008 081212b2000 tu |||gr||||#||||0|tur |
020 _a9755112413
_cTL7.69
040 _aTR-BiSEU
_btur
_cTR-BiSEU
_erda
041 0 _atur
044 _ctu
050 _aTA684
_b.A73 2000
100 1 _aArda, Tevfik Seno.
245 1 _aÇelik yapıda karma elemanların plastik hesabı/
_cTevfik Seno Arda ; Nesrin Yardımcı.
264 1 _aİstanbul :
_bBirsen Yayınevi
_c2000
300 _a92 sayfa: resimli
336 _ametin
_btxt
_2rdacontent
337 _aaracısız
_bn
_2rdamedia
338 _acilt
_bnc
_2rdacarrier
500 _aKaynakça var.
650 0 _aÇelik, Yapısal.
_91885
650 0 _aPlastik analiz (Mühendislik).
_91886
942 _2lcc
_cBK
999 _c144
_d144